SELEZIONE DAL READER'S DIGEST. MAGGIO 1994. ANNO XLVI. PAGINE SCELTE SEMPRE ATTUALI FORMATO TASCABILE. (Record n. 319567)

Dettagli MARC
000 -LEADER
fixed length control field 01958nas a2200277Ia 4500
001 - CONTROL NUMBER
control field R050-R1492
003 - CONTROL NUMBER IDENTIFIER
control field IT-CnALBA
008 - FIXED-LENGTH DATA ELEMENTS--GENERAL INFORMATION
fixed length control field 170116c99999999xx |||||||||||| ||und||
040 ## - CATALOGING SOURCE
Original cataloging agency IT-CnALBA
Transcribing agency IT-CnALBA
041 ## - LANGUAGE CODE
Language code of text/sound track or separate title ITALIANO
999 ## - SYSTEM CONTROL NUMBERS (KOHA)
Koha Dewey Subclass [OBSOLETE] NO
100 ## - MAIN ENTRY--PERSONAL NAME
Personal name NICHOLSON MICHAEL
210 ## - ABBREVIATED TITLE
Abbreviated title READER'S DIGEST
222 ## - KEY TITLE
Key title READER'S DIGEST
245 #0 - TITLE STATEMENT
Title SELEZIONE DAL READER'S DIGEST. MAGGIO 1994. ANNO XLVI. PAGINE SCELTE SEMPRE ATTUALI FORMATO TASCABILE.
250 ## - EDITION STATEMENT
Edition statement 1a ed.
260 ## - PUBLICATION, DISTRIBUTION, ETC. (IMPRINT)
Place of publication, distribution, etc. MILANO
Name of publisher, distributor, etc. SELEZIONE DAL READER'S DIGEST
Date of publication, distribution, etc. 1994
300 ## - PHYSICAL DESCRIPTION
Extent 176 p. (prefazione: 16)
310 ## - CURRENT PUBLICATION FREQUENCY
Current publication frequency MENSILE
362 ## - DATES OF PUBLICATION AND/OR SEQUENTIAL DESIGNATION
Dates of publication and/or sequential designation Fascicolo: 5 / Anno: 46 (1994)
500 ## - GENERAL NOTE
General note FUGA DA SARAJEVO. NEGOZIATI DI MAASTRICHT. NUOVA CONQUISTA DEL K2. APERTO IL CHUNNEL TRA FRANCIA E INGHILTERRA. GUIDA PER GLI ORMONI SESSUALI FEMMINILI. MURALES, PROPOSTA PER L'ORNAMENTO DELL'AMBIENTE. DIETA MEDITERRANEA E ALTRE DIETE. DRAMMI VISSUTI, SOSPESI SULL'ABISSO. ACCOLTA PER LE TESTUGGINI, RISERVA MAPUDALAND SUDAFRICA. BEST SELLER, TRIMARANO NELLA TEMPESTA. SIKORSKI R. HURT H. MCCALL S. BORDEWICH F. M. PARVIN J. ADEGUAMENTO DEL NUOVO VIETNAM. CAMICIA DI NOTTE, STORIA D'AMORE. VIOLENZA CRIMINALE IN USA. VILLA RICOSTRUITA COME LA POLONIA.
501 ## - WITH NOTE
With note Società San Paolo EM - Piazza San Paolo, 14 - 12051 ALBA (CN) (non commercial uses only) ® Copyright 2017
520 ## - SUMMARY, ETC.
Summary, etc. FUGA DA SARAJEVO. NEGOZIATI DI MAASTRICHT. NUOVA CONQUISTA DEL K2. APERTO IL CHUNNEL TRA FRANCIA E INGHILTERRA. GUIDA PER GLI ORMONI SESSUALI FEMMINILI. MURALES, PROPOSTA PER L'ORNAMENTO DELL'AMBIENTE. DIETA MEDITERRANEA E ALTRE DIETE. DRAMMI VISSUTI, SOSPESI SULL'ABISSO. ACCOLTA PER LE TESTUGGINI, RISERVA MAPUDALAND SUDAFRICA. BEST SELLER, TRIMARANO NELLA TEMPESTA. SIKORSKI R. HURT H. MCCALL S. BORDEWICH F. M. PARVIN J. ADEGUAMENTO DEL NUOVO VIETNAM. CAMICIA DI NOTTE, STORIA D'AMORE. VIOLENZA CRIMINALE IN USA. VILLA RICOSTRUITA COME LA POLONIA.
650 ## - SUBJECT ADDED ENTRY--TOPICAL TERM
Topical term or geographic name as entry element RIVISTE VARIE
942 ## - ADDED ENTRY ELEMENTS (KOHA)
Koha item type RIVISTA
957 ## -
-- 1
999 ## - SYSTEM CONTROL NUMBERS (KOHA)
-- 1
Dati di copia
Withdrawn status Lost status Damaged status Not for loan Home library Current library Date acquired Total Checkouts Full call number Date last seen Price effective from Koha item type Public note
    Buone Condizioni Not For Loan ALBA - Biblioteca ALBA - Biblioteca 16/01/2017   R050-R1492 16/01/2017 16/01/2017 RIVISTA (data import: 16 gennaio 2017) - By Epidotti, Vaglietti.
CREDITS: SOCIETA' SAN PAOLO Via A.Severo, 58 - ROMA (RM) & PERIODICI SAN PAOLO SRL Via Giotto, 36 MILANO & CISF Via Giotto, 36 MILANO & EDIZIONI SAN PAOLO SRL,  Piazza Soncino, 5 CINISELLO BALSAMO (MI) -- ITALY